01124cam a2200265 a 450000100100000000500170001000800410002703500190006804000300008708200230011710000490014024500890018926000580027830000280033649000410036465000240040565000280042970000360045783000500049391000340054304900090057795201260058695201310071299900150084300000842820200929161336.0930121s1990 cu a 000 f spa  a(DLC) 93106011 aDO-SdBNPcDLCdDLCdBNPHU aCu863.44bR6962ú1 aRodríguez Cruz, Juan Carlos,d1943-92270613aEl último retorno /cJuan Carlos Rodríguez Cruz ; edición, Olga Marta Pérez. aCiudad de La Habana, Cuba :bCapitan San Luis,c1990. a243 p. :bil. ;c18 cm.1 aAniversario de la Revoluciónv1988 4aNovela cubana92316 4aLiteratura cubana914831 aPérez, Olga Martaeed.922707 0aAniversario de la Revolución ;v1988922708 aCatalogación por copia / LC aBNGR 001052708MOaGRbGRcCTd2009-09-16iLF1l0oCu863.44 R6962úp8428-10r2020-06-25w2020-06-25y2ZPréstamo interno 001053728MOaGRbGRcCTd2009-09-16iLF1l0oCu863.44 R6962úp8428-20r2020-06-25te.2w2020-06-25y2ZPréstamo interno c8199d8199